000 00393nam a2200145Ia 4500
008 231217s9999 xx 000 0 und d
041 _aEnglish
082 _a001.64404 BRO;1 R
100 _aBrown, Steven
245 0 _aImplementing virtual private networks
260 _c2000
_bTata McGraw-Hill
_aNew Delhi
300 _axxi+594
650 _aImplementing,virtual,networks
942 _cAA
999 _c173617
_d173617